000
00292nam a2200121 4500
999
_c
7460
_d
7460
082
_a
378.02FAR
100
_a
Fardows, Nayer
245
_a
International Scholarship Guide
260
_a
Lahore:
_b
Higher Education,
300
_a
260p. ;
650
_a
International Scholarship Guide
942
_c
BK